Langkah-langkah awal dalam analisis berangka

Bibliographic Details
Main Authors: Hosking, R. J. (Author), Joyce, D. C. (Author), Turner, J. C. [ (John Christopher)] (Author)
Format: Book
Published: Sekudai, Johor : Unit Penerbitan Akademik, Universiti Teknologi Malaysia , 1994
Subjects:

MARC

LEADER 00000cam a2200000 7i4500
001 0000038521
005 20180311093000.0
008 021119n
020 |a 9835200165 
090 0 0 |a QA297   |b .H6712 1994 
100 0 |a Hosking, R. J. ,   |e author 
240 0 0 |a First steps in numerical analysis   |l [Bahasa Malaysia] 
245 0 0 |a Langkah-langkah awal dalam analisis berangka   |c R. J. Hosking, D. C. Joyce, J. C. Turner   |f penterjemah Nazeeruddin Yaacob 
260 2 |a Sekudai, Johor :   |b Unit Penerbitan Akademik, Universiti Teknologi Malaysia ,   |c 1994 
300 |a viii, 247 p. ; ;   |c 22 cm. 
501 |a Translation of: First steps in numerical analysis 
504 |a Includes index 
650 0 |a Numerical analysis 
700 0 |a Joyce, D. C. ,   |e author 
700 0 |a Turner, J. C. [  |q (John Christopher)] ,   |e author 
999 |a 1000084082   |b Book   |c OPEN SHELF (30 DAYS)   |e Gong Badak Campus